000 00478nam a2200181Ia 4500
003 GCL
008 140319s9999 xx 000 0 eng d
040 _aGCL /
_cGCL
082 0 4 _a660.041
_bA F
100 1 _aASTLEY, R.J.
245 1 0 _aFINITE ELEMENTS IN SOLIDS AND STRUCTURES: AN INTRODUCTION /
_cASTLEY, R.J.
260 _a[S.N] :
_bCMC LTD ،
_c1992
300 _a345 P
650 0 4 _aSOLIDS
650 0 4 _aFINITE ELEMENT METHOD
650 0 4 _aSTRUCTURE
942 _2ddc
_cBK
999 _c22746
_d22746